Héléna - Paroles Mauvais Garçon - Statistiques

Statistiques générales
  • Ce quiz a été pris 1 089 fois
  • Le résultat moyen est 316 sur 356
Statistiques - réponses
Hint Réponse % Correct
(hum)
100%
m'
100%
à
99%
garçon
99%
ma
99%
Couplet 1 | Couplet 2 Mauvais
99%
mauvais
99%
d'
98%
me
97%
Me
97%
Qu'
97%
qu'
97%
j'
96%
Pont J'
96%
dit
95%
je
95%
il
94%
Il
94%
moi
94%
que
94%
Que
94%
ai
93%
avec
93%
Avec
93%
l'
93%
L'
93%
Mais
93%
(Mais
93%
pas
93%
aime
92%
aime)
92%
belle
92%
De
92%
de
92%
suis
92%
et
91%
Et
91%
ça
90%
Ça
90%
est
90%
pourquoi
90%
Pourquoi
90%
reste
90%
reste)
90%
comme
89%
Dis
89%
(Dis
89%
le
89%
rien
89%
les
88%
Faut
87%
faut
87%
(Faut
87%
rabaisse
87%
sers
86%
tout
85%
Tout
85%
Un
85%
un
85%
arrête
84%
arrête)
84%
en
84%
on
83%
On
83%
amour
82%
boîte
82%
chez
82%
être
82%
façon
82%
oiseau
82%
son
82%
veut
82%
aille
81%
changer
81%
jamais
81%
si
81%
eux,
80%
libres
80%
oiseaux,
80%
sont
80%
voir
80%
autres
79%
faute
79%
Jusqu'
79%
noms
79%
une
79%
dénigre
78%
prison
78%
tous
78%
aux
77%
danse
77%
rire
77%
voudrait
77%
donne
76%
éclats
76%
écoute
75%
heureux
75%
jour
75%
Ne
75%
pantin
74%
plus
74%
Qui
74%
sur
74%
pire
73%
deux,
72%
mignon
72%
y
70%
C'est
69%
fils
69%
lois
69%
parle,
68%
connais
67%
rabâche
67%
ses
65%
bras
64%
sais
64%
retrouvé
63%
apprends
62%
attendait
62%
éteindra
62%
fait
61%
cours
60%
Loin
60%
Maintenant
60%
marcher
56%
tient
56%
joue
55%
sortir
55%
durs
52%
dire
44%
(Oui,
21%
Aucun quiz correspondant
Distribution des résultats
% des personnes avec chaque résultat
Percentile par nombre de réponses
Votre historique - résultats
Vous n’avez pas pris ce quiz